Mémoire sur les finances de l'Égypte depuis les Pharaons jusqu'à nos jours /

Saved in:

Main Author: Ṭūsūn, ʻUmar, Prince, 1872-1944 (Author)

Format: Book

Language: French

Published: Le Caire : Imprint de l'Institut français d'archéologie orientale, 1924.

Series: Mémoires présentés à l'Institut d'Égypte ; 6.
Mémoires de l'Institut d'Égypte ; 6.
MIE ; 6.

Subjects:

Tags: Add Tag

No Tags, Be the first to tag this record!

Call Number: DT43 .I625 v.6

LEADER 00863namaa2200265 4500
001 18845
003 OSt
005 20260316124217.0
008 130303s1924 ua 000 0 fre d
010 |a 25002478 
040 |c ARCE Library 
043 |a f-ua--- 
050 4 |a DT43 .I625 v.6 
100 1 |a Ṭūsūn, ʻUmar,  |c Prince,  |d 1872-1944,  |e author  |9 41355 
245 1 0 |a Mémoire sur les finances de l'Égypte depuis les Pharaons jusqu'à nos jours /  |c Par Omar Toussoun. 
264 1 |a Le Caire :  |b Imprint de l'Institut français d'archéologie orientale,  |c 1924. 
300 |a viii, 186 pages ;  |c 28 cm. 
490 0 |a Mémoires présentés à l'Institut d'Égypte ;   |v 6. 
490 0 |a Mémoires de l'Institut d'Égypte ;   |v 6. 
490 0 |a MIE ;   |v 6. 
555 |a wafaa.lib. 
650 0 |a Finance  |z Egypt. 
901 |a reviewed 
942 |c BK  |2 lcc 
999 |c 20222  |d 20222